| 000 | 01207nam a2200253 a 4500 | ||
|---|---|---|---|
| 005 | 20170607103523.0 | ||
| 008 | 170607t2016 ck abd|fr|||| 00| 0 spa d | ||
| 020 | _a9789589205891 | ||
| 040 |
_aCO-BoIAVH _cCO-BoIAVH |
||
| 041 | 0 | _aspa | |
| 044 | _ack | ||
| 082 | 0 | 4 |
_a581.709 _bQ41f |
| 245 | 0 | 0 |
_aFlora del oriente antioqueño : _bBiodiversidad, ecología y estrategias de conservación / _ceditado por Mario Alberto Quijano |
| 260 |
_aBogotá (Colombia) : _bAcademia Colombiana de Ciencias Exactas Físicas y Naturales : _bFondo Universidad Católica de Oriente, _c2016. |
||
| 300 |
_a266 páginas ; _bilustraciones a color, mapas, gráficas y tablas ; _c24 x 17 cm. |
||
| 504 | _aIncluye referencias bibliográficas. | ||
| 650 | 2 | 6 |
_aBiodiversidad _zAntioquía (Departamento, Colombia) |
| 650 | 2 | 6 |
_aFlora _zAntioquía (Departamento, Colombia) |
| 650 | 2 | 6 |
_aBosques _zAntioquía (Departamento, Colombia) |
| 650 | 2 | 6 |
_aServicios de los ecosistemas _zAntioquía (Departamento, Colombia) |
| 650 | 2 | 6 |
_aConservación de la diversidad biológica _zAntioquía (Departamento, Colombia) |
| 700 | 1 |
_aQuijano Abril, Mario Alberto _eeditor |
|
| 942 |
_2ddc _cLIBRO |
||
| 999 |
_c19545 _d19545 |
||